40 mots en "ble" - Statistiques

Statistiques générales
  • Ce quiz a été pris 218 fois
    190 depuis la dernière actualisation
  • Le résultat moyen est 19 sur 40
Statistiques - réponses
Question Réponse % Correct
Jean de la Fontaine en a écrite Fable
98%
Pour le ping-pong, a manger, de camping, de massage Table
98%
Livre Sacré pour les croyants Bible
96%
Film avec François Cluzet et Omar Sy Intouchable
95%
Etagères, Armoire, Lit Meuble
84%
Les plages en ont Sable
79%
Jeu de Laurence Boccolini, le Maillon Faible
78%
Jeu de société avec des lettres de différentes valeurs Scrabble
74%
Monnaie Russe Rouble
73%
On conserve le ballon en esquivant son adversaire Dribble
71%
666 c'est son chiffre Diable
70%
Fait d'être modeste Humble
70%
Appartient a une classe privilégiée Noble
62%
Dit d'une écriture quand on ne l'a comprend pas Illisible
60%
Si on le tri c'est qu'il est Recyclable
60%
Garde la même moyenne d'année en année Stable
58%
Centrale nucléaire, éolienne, participe au développement... Durable
57%
Mission au cinéma Impossible
53%
Toi, moi, nous, et eux, on va le faire Ensemble
52%
J'ai froid, j'en Tremble
51%
Synonyme de touchable Tangible / Palpable
50%
Cotes du Rhône, Alsacien, Bordelais Vignoble
50%
Ça brule facilement, le plastique en est un Combustible
45%
En échangeant deux lettres tu trouve quelqu'un en qui tu peux avoir confiance Fiable
43%
Dans la zone rouge en ligue 1 Relégable
41%
Dossard Chasuble
40%
Dissoudre ou effervescent Soluble
37%
Comme ton jumeau ou Dépasse quelqu'un Double
35%
Emblème du pays en image Erable
34%
Souple sur ses horaires Flexible
32%
Les moustiques par exemple Nuisible
32%
Ennemi n°1 Cible
15%
Etre fait l'un pour l'autre Compatible
14%
Entremets de fruit (dit a l'anglaise) Crumble
14%
Tel un puzzle Assemble
9%
Il peut y prétendre Eligible
9%
Il le devient si tu utilise un convertisseur pour musique Téléchargeable
7%
J'arrive pas a grimper c'est trop haut Infranchissable
3%
Petit sureau a baies noires Hieble
1%
Dégueulasse, Répugnant Zirable
0%
Aucun quiz correspondant
Distribution des résultats
% des personnes avec chaque résultat
Percentile par nombre de réponses
Votre historique - résultats
Vous n’avez pas pris ce quiz depuis la dernière actualisation